LIBRARY & INFORMATION CENTRE, KCAET, TAVANUR

ONLINE PUBLIC ACCESS CATALOGUE (OPAC)

Practical Physics / (Record no. 7657)

MARC details
000 -LEADER
fixed length control field 00343cam a2200133ua 4500
082 ## - DEWEY DECIMAL CLASSIFICATION NUMBER
Classification number 530
Item number RAJ/PR
100 ## - MAIN ENTRY--AUTHOR NAME
Personal name Govinda Rajan, S R.
245 ## - TITLE STATEMENT
Title Practical Physics /
260 ## - PUBLICATION, DISTRIBUTION, ETC. (IMPRINT)
Place of publication Madras :
Name of publisher Rochouse & Sons Pvt.ltd ,
Year of publication 1959.
300 ## - PHYSICAL DESCRIPTION
Number of Pages 419 ; .
700 1# - ADDED ENTRY--PERSONAL NAME
Personal name Murugaiyan, T.
700 1# - ADDED ENTRY--PERSONAL NAME
Personal name Sundara Rajan, S .
942 ## - ADDED ENTRY ELEMENTS (KOHA)
Koha item type Books
Holdings
Withdrawn status Lost status Damaged status Home library Current library Date acquired Full call number Accession Number Koha item type
      KAUAET KAUAET 07/04/2012 530 RAJ/PR 13280 Books
free website counter